000 00577nam a2200217Ia 4500
005 20260429112028.0
008 260429s9999||||xx |||||||||||||| ||und||
020 _a9781032390628
041 _aEnglish
082 _a930.1071
_bPAT
100 _aPatton, A. Katherine
245 0 _aLearning archaeology /
_cA. Katherine Patton
250 _a1st ed.
260 _aUnited Kingdom :
_bRoutledge,
_c2026.
300 _axxiv, 314 p.; pbk
650 _a Education
650 _aArchaeology
700 _a Chazan, Michael
700 _a Macdonald, Danielle A.
942 _cTB
999 _c51974
_d51974